000 01088cam a22002054a 4500
005 20250605164242.0
008 250528s ||||||||||||||||||||||||d
035 _a21348
020 _a9780471715375
040 _aGR-AtMCL
_bgre
_dGR-AtMCL
_eAACR2
245 1 _aProject Management / A Managerial Approach
260 _bJohn Wiley & Sons, Ltd,
_c2006
300 _a668
520 _aThe book equips you with the quantitative skills, knowledge of organizational issues, and insights into human behavior that you need to do project5 management effectively. Includes 2 CD-Roms. Projects in Contemporary Organizations, Project Initiation, Strategic Management and Project Selection, The Project Manager, Project Organization, Project Planning, Conflict and Negotiation, Project Implementation, Budgeting and Cost Estimation, Scheduling, Resource Allocation, Monitoring and Information Systems, Project Control, Project Determination, Project Auditing.
700 1 _aMantel Samuel J
_94004
700 1 _aMeredith Jack R
_94005
942 _cBK
999 _c6413
_d6413